[Event "AUTO-OPEN-344"]
[Site "http://www.queenalice.com/game.php?id=91624"]
[Date "2006.8.1"]
[Round "1"]
[White "csadler"]
[Black "claudiofer"]
[Result "0-1"]
[WhiteElo "1667"]
[BlackElo "1730"]

1. e4 e5 2. f4 exf4 3. Bc4 Nh6 4. Nf3 b6 5. d4 Bb4+ 6. c3 Be7 7. Bxf4 Ng4 8. O-O
O-O 9. h3 Nf6 10. e5 Nh5 11. Bh2 Bb7 12. Nbd2 d6 13. exd6 cxd6 14. Ne5 Nf6 15.
Nxf7 Rxf7 16. Bxf7+ Kxf7 17. g4 Qc8 18. g5 Qxh3 19. Qe2 Ba6 20. Qf3 Qxf3 21.
Rxf3 Kg8 22. gxf6 Bxf6 23. Bxd6 Nd7 24. Ne4 Bb7 25. Nxf6+ Nxf6 26. Rf2 Ne4 27.
Rf8+ Rxf8 28. Bxf8 Kxf8 29. Re1 h6 30. Kh2 Ng5 31. Kg3 Kg8 32. Re7 Ne4+ 33. Kf4
Nd6 34. Ke5 Nc4+ 35. Ke6 Bf3 36. b3 Na5 37. Rxa7 Bg4+ 38. Kd5 h5 39. b4 Bf3+ 40.
Ke5 Nc6+ 41. Kf4 Bg2 42. Rb7 Nxb4 43. cxb4 Bxb7 44. a4 Kf7 45. Kg5 g6 0-1

[Event "AUTO-OPEN-344"]
[Site "http://www.queenalice.com/game.php?id=91625"]
[Date "2006.8.1"]
[Round "1"]
[White "claudiofer"]
[Black "csadler"]
[Result "0-1"]
[WhiteElo "1763"]
[BlackElo "1740"]

1. a4 f5 2. a5 Nf6 3. b4 e5 4. c3 d5 5. e3 d4 6. Bb5+ c6 7. Be2 dxc3 8. dxc3
Qxd1+ 9. Bxd1 Bd6 10. Nf3 O-O 11. Ng5 h6 12. Bb3+ Nd5 13. Nh3 Kh8 14. Bxd5 cxd5
15. Nd2 f4 16. Nb3 Bxh3 17. gxh3 Nc6 18. Bd2 Rac8 19. O-O-O Nxb4 20. Kb1 Na6 21.
exf4 e4 22. Rhe1 Bxf4 23. Bxf4 Rxf4 24. Rxd5 Rxc3 25. Rd8+ Kh7 26. Nd2 Rxf2 27.
Nxe4 Rb3+ 28. Kc1 Rxh2 29. Rd7 Ra2 30. Nd2 Rbb2 31. Kd1 Ra1+ 32. Ke2 Rxe1+ 33.
Kxe1 Nc5 34. Rd5 b6 35. axb6 axb6 36. Nc4 Rb1+ 37. Kd2 Kg6 38. Rd6+ Kf5 39. Rxb6
Rxb6 40. Nxb6 g5 41. Nc4 Ne4+ 42. Ke2 Ng3+ 43. Kf3 Nh5 44. Ne3+ Kg6 45. Kg4 Nf4
46. h4 h5+ 47. Kg3 Ne2+ 48. Kf3 Nd4+ 49. Kg3 g4 50. Nd5 Nf5+ 51. Kf4 Nxh4 52.
Ne7+ Kf6 53. Ng8+ Kg7 54. Ne7 Ng6+ 55. Nxg6 Kxg6 56. Kg3 Kg5 57. Kf2 h4 58. Kg2
h3+ 59. Kg3 Kh5 60. Kh2 Kh4 61. Kg1 g3 62. Kf1 h2 63. Kg2 Kg4 0-1

[Event "AUTO-OPEN-344"]
[Site "http://www.queenalice.com/game.php?id=91652"]
[Date "2006.8.1"]
[Round "1"]
[White "adilson_camargo"]
[Black "claudiofer"]
[Result "0-1"]
[WhiteElo "1706"]
[BlackElo "1720"]

1. d4 d5 2. c4 dxc4 3. Nc3 Nf6 4. e4 Nc6 5. d5 Ne5 6. Bf4 Ned7 7. Bxc4 e5 8.
dxe6 fxe6 9. Bxe6 b6 10. Bg5 Bb7 11. Bxd7+ Qxd7 12. Bxf6 Qxd1+ 13. Rxd1 gxf6 14.
Nf3 Bb4 15. O-O Bxc3 16. bxc3 O-O 17. Rd7 Bxe4 18. Nd4 c5 19. Ne6 Rfe8 20. Nc7
Red8 21. Re7 Rac8 22. Ne6 Re8 23. Rxe8+ Rxe8 24. Nc7 Rf8 25. Re1 Bc6 26. Re7 Rd8
27. h3 Rd7 28. Rxd7 Bxd7 29. c4 Kf7 30. Kh2 Be6 31. Nxe6 Kxe6 32. f4 Kf5 33. Kg3
Ke4 34. Kg4 Kd4 35. Kf5 Kxc4 36. Kxf6 Kd5 37. f5 c4 38. Kg7 c3 39. f6 c2 40. f7
c1=Q 41. f8=Q Qg5+ 42. Kxh7 Qh5+ 43. Qh6 Qf7+ 44. Qg7 Qh5+ 45. Kg8 Qe8+ 46. Qf8
Qxf8+ 47. Kh7 Qf6 0-1

[Event "AUTO-OPEN-344"]
[Site "http://www.queenalice.com/game.php?id=91653"]
[Date "2006.8.1"]
[Round "1"]
[White "claudiofer"]
[Black "adilson_camargo"]
[Result "0-1"]
[WhiteElo "1744"]
[BlackElo "1790"]

1. e3 e5 2. Qf3 Nf6 3. e4 d5 4. Bd3 d4 5. Ne2 c5 6. Ng3 Bg4 7. Bb5+ Nbd7 8.
Bxd7+ Qxd7 9. Qd3 Rc8 10. Qc4 b5 11. Qf1 c4 12. c3 d3 13. f3 Bh5 14. b4 Be7 15.
Qf2 Bg6 16. O-O O-O 17. Na3 Ra8 18. Bb2 a6 19. Rae1 Bd8 20. f4 exf4 21. Qxf4 Bc7
22. Qf3 Rfe8 23. e5 Bxe5 24. Rxe5 Rad8 25. Rfe1 Rxe5 26. Rxe5 Re8 27. Rxe8+ Qxe8
28. Nb1 Qe1+ 29. Nf1 Be4 30. Qg3 Qxg3 31. Nxg3 g5 32. h3 h5 33. Kf2 Kg7 34. Ke3
Bxg2 35. Nf5+ Kg6 36. Ne7+ Kh7 37. Kd4 Bxh3 38. Kc5 h4 39. Kb6 Be6 40. Kxa6 h3
41. Kxb5 h2 42. Na3 h1=Q 43. Nxc4 Qb7+ 44. Ka4 Bxc4 45. b5 Qxb5+ 46. Ka3 Qa5#
0-1

[Event "AUTO-OPEN-344"]
[Site "http://www.queenalice.com/game.php?id=91672"]
[Date "2006.8.1"]
[Round "1"]
[White "claudiofer"]
[Black "selaujo"]
[Result "1-0"]
[WhiteElo "1735"]
[BlackElo "1468"]

1. e3 Nc6 2. Qf3 Nf6 3. Bd3 g5 4. g3 Ne5 5. Qe2 d5 6. e4 Bg4 7. Qe3 Bh6 8. exd5
Nxd5 9. Qxe5 Bg7 10. Qxg7 Nf6 11. Qxh8+ Ng8 12. Qxg8+ Kd7 13. Qxg5 e6 14. Qxg4
b6 15. Qd4+ Ke7 16. Qxd8+ Kxd8 17. Bxh7 Ke7 18. Nh3 Rh8 19. Ng5 b5 20. Nc3 f6
21. Nf3 Rxh7 22. Nxb5 Kd8 23. Nxa7 Rh5 24. O-O f5 25. d3 Ke7 26. Bf4 Kf6 27. a4
1-0

[Event "AUTO-OPEN-344"]
[Site "http://www.queenalice.com/game.php?id=91673"]
[Date "2006.8.1"]
[Round "1"]
[White "selaujo"]
[Black "claudiofer"]
[Result "0-1"]
[WhiteElo "1369"]
[BlackElo "1746"]

1. Nc3 a5 2. e4 c6 3. f3 b5 4. a4 b4 5. Nce2 c5 6. c3 Ba6 7. cxb4 Bxe2 8. Bxe2
cxb4 9. Nh3 g6 10. d4 Bg7 11. O-O Nf6 12. e5 Nd5 13. Bc4 Nb6 14. Bb5 O-O 15. Ng5
d6 16. exd6 Qxd6 17. Qb3 Qxd4+ 18. Be3 Qf6 19. Rad1 Bh6 20. Nh3 Bxe3+ 21. Qxe3
Nc8 22. Bd7 Nb6 23. Rfe1 N8xd7 24. b3 e6 25. Rd4 Nd5 26. Qh6 Qxd4+ 27. Nf2 Qg7
28. Qg5 Nc5 29. g3 Nxb3 30. f4 Nd2 31. Re2 Nf3+ 32. Kg2 Nxg5 33. fxg5 Nc3 34.
Re3 Nxa4 35. Ne4 Qb2+ 36. Kf3 Qxh2 37. Nf6+ Kg7 38. Kg4 h5+ 39. Kf4 Qf2+ 40. Ke4
Nc3+ 41. Kd4 Rfd8+ 42. Ke5 Qxe3+ 43. Ne4 Qxe4# 0-1

[Event "Xadrez"]
[Site "http://www.queenalice.com/game.php?id=91820"]
[Date "2006.8.2"]
[Round "-"]
[White "claudiofer"]
[Black "Railton"]
[Result "1-0"]
[WhiteElo "1720"]
[BlackElo "1557"]

1. e3 g6 2. Qf3 Bg7 3. Bc4 e6 4. Nh3 d5 5. Bb5+ Bd7 6. Na3 a6 7. Bf1 Nf6 8. c4
Bc6 9. d4 dxc4 10. Qe2 Bd5 11. b3 b5 12. bxc4 bxc4 13. Qc2 O-O 14. Nf4 c6 15.
Bxc4 Nbd7 16. O-O Bh6 17. Bxd5 cxd5 18. Nh3 Rc8 19. Qa4 Ra8 20. Nc2 Ne4 21. Ba3
Nb6 22. Qa5 Re8 23. Qe1 Nc4 24. Bc1 a5 25. Na3 Ned6 26. Nxc4 Nxc4 27. e4 Bxc1
28. Rxc1 Rc8 29. Nf4 dxe4 30. Qe2 Qxd4 31. Rfd1 Qe5 32. Rxc4 Rxc4 33. Qxc4 Qxf4
34. g3 Qf3 35. Re1 Qd3 36. Qxe4 Qxe4 37. Rxe4 Rb8 38. Ra4 Rb5 39. Kg2 1-0

[Event "Challenge"]
[Site "http://www.queenalice.com/game.php?id=92073"]
[Date "2006.8.2"]
[Round "-"]
[White "claudiofer"]
[Black "jajerduco"]
[Result "1-0"]
[WhiteElo "1729"]
[BlackElo "1589"]

1. e3 e5 2. Qf3 Nf6 3. Nc3 Bd6 4. e4 O-O 5. Nh3 c5 6. Ng5 Nc6 7. Qh3 Nd4 8. Bd3
c4 9. Nd5 h6 10. Nxf6+ Qxf6 11. O-O Qxg5 12. Bxc4 Nxc2 13. Rb1 Nd4 14. d3 1-0

[Event "Challenge"]
[Site "http://www.queenalice.com/game.php?id=92773"]
[Date "2006.8.4"]
[Round "-"]
[White "claudiofer"]
[Black "CesarAugusto"]
[Result "1-0"]
[WhiteElo "1714"]
[BlackElo "1547"]

1. e3 e5 2. Bc4 d5 3. Be2 Qg5 4. Bf1 Bg4 5. Nf3 e4 6. Nxg5 Bxd1 7. Kxd1 Be7 8.
Nh3 Nh6 9. d4 Ng4 10. Nc3 Bd6 11. Nxd5 Bxh2 12. f3 exf3 13. gxf3 c6 14. fxg4
cxd5 15. Rxh2 O-O 16. Bg2 Rd8 17. b3 Na6 18. Bb2 Rac8 19. Nf4 Nb4 20. Bh3 Rc6
21. a3 Na6 22. Kd2 b5 23. Rd1 b4 24. a4 Rdc8 25. Kc1 Nc7 26. g5 g6 27. Bxc8 Ne8
28. Nxd5 Rd6 29. Nxb4 Rd8 30. Ba6 Nd6 31. Nc6 Re8 32. Re1 Nf5 33. e4 Ng3 34. e5
Re6 35. d5 Re8 36. Nxa7 Ra8 37. Bd4 Nf5 38. Rd2 Rd8 39. Bc4 h6 40. Nc6 Rd7 41.
e6 fxe6 42. dxe6 Rc7 43. e7+ Kh7 44. e8=Q hxg5 45. Qh8# 1-0

[Event "Challenge"]
[Site "http://www.queenalice.com/game.php?id=92774"]
[Date "2006.8.4"]
[Round "-"]
[White "claudiofer"]
[Black "CesarAugusto"]
[Result "1-0"]
[WhiteElo "1717"]
[BlackElo "1557"]

1. a4 e5 2. c3 Nh6 3. b4 b6 4. a5 Bb7 5. b5 Bc5 6. a6 Be4 7. d3 Ng4 8. d4 exd4
9. f3 Bxb1 10. Rxb1 Ne5 11. cxd4 Bxd4 12. Qxd4 Qe7 13. Qe4 c6 14. bxc6 dxc6 15.
Bf4 f6 16. Bxe5 Qxe5 17. e3 O-O 18. Qxe5 Nd7 19. Qe6+ 1-0

[Event "Challenge"]
[Site "http://www.queenalice.com/game.php?id=92775"]
[Date "2006.8.4"]
[Round "-"]
[White "claudiofer"]
[Black "CesarAugusto"]
[Result "0-1"]
[WhiteElo "1745"]
[BlackElo "1521"]

1. Nf3 b6 2. g3 Bb7 3. Bg2 Bc6 4. O-O e6 5. d3 Qf6 6. Nbd2 d5 7. d4 Nd7 8. c3
Nh6 9. h3 g6 10. Nb3 Ba4 11. Bxh6 Bxh6 12. Qd3 O-O 13. Qa6 Bxb3 14. axb3 c5 15.
dxc5 Nxc5 16. Qb5 Qe7 17. Rae1 Ne4 18. Ne5 Nd6 19. Qd3 Ne4 20. Nf3 Qc5 21. e3
Qa5 22. Ne5 Nc5 23. Qd1 Qa2 24. b4 Bg7 25. Re2 Bxe5 26. bxc5 bxc5 27. c4 Qxc4
28. Qd2 a5 29. Ra1 Qb5 30. Ree1 a4 31. Ra2 Qb3 32. Rea1 Rfb8 33. Qd1 Bxb2 34.
Qxb3 Rxb3 35. Rxa4 Rxa4 36. Rxa4 c4 37. Bf3 c3 38. Bd1 Ra3 39. Rxa3 Bxa3 40. Bc2
f5 41. f4 Bc5 42. Kf2 h6 43. Ke2 g5 44. Kd3 Bb4 45. Kd4 gxf4 46. gxf4 Kf7 47.
Ke5 Bc5 48. h4 Bxe3 49. Kd6 Bxf4+ 50. Kc5 Bd2 51. Kd4 f4 52. Kd3 Be1 53. Ke2
Bxh4 54. Kf3 e5 55. Bd1 d4 56. Ke4 Kg6 57. Bc2 Kf6 58. Bb1 Be1 59. Kf3 h5 60.
Bc2 h4 61. Kg4 Ke6 62. Bb1 Kd5 63. Bd3 e4 64. Bc2 f3 65. Bb3+ Ke5 66. Kh3 f2 67.
Kg2 d3 68. Bg8 c2 69. Kf1 e3 0-1

[Event "AUTO-OPEN-354"]
[Site "http://www.queenalice.com/game.php?id=94649"]
[Date "2006.8.11"]
[Round "1"]
[White "claudiofer"]
[Black "jarac"]
[Result "0-1"]
[WhiteElo "1765"]
[BlackElo "1952"]

1. a4 d5 2. a5 c5 3. c3 Nc6 4. Qa4 Bd7 5. b4 cxb4 6. cxb4 a6 7. g3 e5 8. Bg2 Rc8
9. Ba3 Nxb4 10. Qd1 Nc2+ 11. Kf1 Nxa1 12. Bxf8 Kxf8 13. Na3 Nb3 14. Nc2 Qxa5 15.
Nf3 e4 16. Ne5 Rxc2 17. f3 Rc1 18. Nxd7+ Ke7 19. Qxc1 Nxc1 20. Ne5 Qa1 21. Kf2
Qd4+ 22. e3 Qxd2+ 23. Kg1 Qxe3+ 24. Kf1 Qe2+ 25. Kg1 e3 26. Ng4 h5 27. h4 hxg4
28. Kh2 gxf3 29. Rg1 Qf2 30. Kh1 Rxh4+ 31. gxh4 Qxh4+ 0-1

[Event "AUTO-OPEN-354"]
[Site "http://www.queenalice.com/game.php?id=94650"]
[Date "2006.8.11"]
[Round "1"]
[White "jarac"]
[Black "claudiofer"]
[Result "1-0"]
[WhiteElo "1841"]
[BlackElo "1720"]

1. Nf3 a5 2. c4 c6 3. e4 Qb6 4. d4 g6 5. c5 Qc7 6. Nc3 Bg7 7. Bc4 e6 8. e5 d5 9.
cxd6 Qd7 10. Ne4 b5 11. Be2 Nh6 12. Bxh6 Kf8 13. Qd2 f5 14. exf6 Bxh6 15. Qxh6+
Kg8 16. Nfg5 Bb7 17. f7+ Qxf7 18. Nxf7 Kxf7 19. Ng5+ Ke8 20. Qg7 Rf8 21. Qe7#
1-0

[Event "AUTO-OPEN-354"]
[Site "http://www.queenalice.com/game.php?id=94651"]
[Date "2006.8.11"]
[Round "1"]
[White "claudiofer"]
[Black "diegmr"]
[Result "0-1"]
[WhiteElo "1710"]
[BlackElo "1833"]

1. a4 Nf6 2. a5 a6 3. b4 d5 4. Bb2 Bf5 5. g3 Nc6 6. c3 e6 7. Nf3 Be7 8. Bg2 O-O
9. O-O Bg4 10. d4 b6 11. Nfd2 Re8 12. h3 Bh5 13. axb6 cxb6 14. Nb3 Bg6 15. N1d2
h6 16. Nf3 Bd6 17. e3 e5 18. dxe5 Bxe5 0-1

[Event "AUTO-OPEN-354"]
[Site "http://www.queenalice.com/game.php?id=94652"]
[Date "2006.8.11"]
[Round "1"]
[White "diegmr"]
[Black "claudiofer"]
[Result "1-0"]
[WhiteElo "1915"]
[BlackElo "1588"]

1. d4 d5 2. c4 dxc4 3. e4 b5 4. Nc3 a6 5. Nf3 Bg4 6. d5 Bxf3 7. Qxf3 e5 8. g3 g6
9. Bg2 Nf6 10. Bg5 Bg7 11. O-O O-O 12. Rfd1 Nbd7 13. b3 cxb3 14. axb3 Nc5 15. b4
Nb3 16. Rab1 Nd4 17. Qd3 Qd6 18. Ne2 Ng4 19. h3 Nf6 20. Nxd4 exd4 21. Bf4 Qb6
22. Qxd4 Qxd4 23. Rxd4 1-0

[Event "AUTO-OPEN-354"]
[Site "http://www.queenalice.com/game.php?id=94653"]
[Date "2006.8.11"]
[Round "1"]
[White "claudiofer"]
[Black "Bongski"]
[Result "0-1"]
[WhiteElo "1772"]
[BlackElo "1942"]

1. a4 e5 2. c3 d5 3. b4 Nf6 4. a5 c5 5. e3 cxb4 6. cxb4 a6 7. g3 Bxb4 8. Qa4+
Nc6 9. Bg2 O-O 10. Ne2 Qxa5 11. Qxa5 Bxa5 12. O-O Be6 13. Ba3 Rfc8 14. d4 Bb6
15. dxe5 Ng4 16. Bc1 Ncxe5 17. Bb2 Nd3 18. Ba3 Rc2 19. Bf3 Nge5 20. Bh5 g6 21.
Nd4 Bxd4 22. exd4 gxh5 23. dxe5 Nxe5 24. Bc1 Bh3 25. Re1 Nf3+ 26. Kh1 Rxf2 27.
Rg1 Rxh2# 0-1

[Event "AUTO-OPEN-354"]
[Site "http://www.queenalice.com/game.php?id=94654"]
[Date "2006.8.11"]
[Round "1"]
[White "Bongski"]
[Black "claudiofer"]
[Result "1-0"]
[WhiteElo "1987"]
[BlackElo "1732"]

1. e4 e5 2. Bc4 Qf6 3. Nc3 Bc5 4. Nf3 Nh6 5. Nd5 Qc6 6. Nxe5 Bxf2+ 7. Kxf2 Qc5+
8. d4 Qd6 9. Bxh6 gxh6 10. Qf3 Rf8 11. Qf6 Qxf6+ 12. Nxf6+ Ke7 13. Nd5+ Ke8 14.
Nxc7+ Kd8 15. Nxa8 b6 16. Nxf7+ Ke8 17. Nc7+ Ke7 18. Rhf1 Rxf7+ 19. Bxf7 Kxf7
20. Ke3+ Ke7 21. Nd5+ Ke8 22. Rf4 Bb7 23. Nf6+ Kd8 24. c4 Nc6 25. Nd5 Ke8 26.
Raf1 d6 27. Rf8+ Kd7 28. R1f7+ Ne7 29. Rxe7+ Kc6 30. Rc7# 1-0

[Event "Challenge"]
[Site "http://www.queenalice.com/game.php?id=110822"]
[Date "2006.9.28"]
[Round "-"]
[White "LucasJ_Colegiao"]
[Black "claudiofer"]
[Result "1-0"]
[WhiteElo "1341"]
[BlackElo "1699"]

1. e4 a5 2. Bc4 c6 3. Qf3 Nf6 4. e5 b5 5. exf6 bxc4 6. fxg7 Bxg7 7. Qg4 O-O 8.
d4 d6 9. Qg3 c5 10. Bh6 Bg4 11. Qxg4 a4 12. Qxg7# 1-0